Magyar-Jugoszláv vasutas tanácskozás Szegeden

Elmentve itt :
Bibliográfiai részletek
Dokumentumtípus: Cikk
Megjelent: 1977-11-10
Sorozat:Délmagyarország 67 No. 264
Kulcsszavak:vasutak, MÁV
Online Access:http://dmarchiv.bibl.u-szeged.hu/110266
LEADER 00418nab a2200145 i 4500
001 delm110266
005 20190520084211.0
008 190520s1977 hu o 0|| hun d
040 |a SZTE Délmagyarország Archívum  |b hun 
041 |a hun 
245 0 0 |a Magyar-Jugoszláv vasutas tanácskozás Szegeden  |h [elektronikus dokumentum] 
260 |c 1977-11-10 
300 |a 1 
490 0 |a Délmagyarország  |v 67 No. 264 
695 |a vasutak, MÁV